<?xml version="1.0" encoding="UTF-8"?>
<record
    xmlns:xsi="http://www.w3.org/2001/XMLSchema-instance"
    xsi:schemaLocation="http://www.loc.gov/MARC21/slim http://www.loc.gov/standards/marcxml/schema/MARC21slim.xsd"
    xmlns="http://www.loc.gov/MARC21/slim">

  <leader>01362nam a22002657a 4500</leader>
  <datafield tag="952" ind1=" " ind2=" ">
    <subfield code="0">0</subfield>
    <subfield code="1">0</subfield>
    <subfield code="4">0</subfield>
    <subfield code="7">0</subfield>
    <subfield code="a">22</subfield>
    <subfield code="b">22</subfield>
    <subfield code="d">2014-08-25</subfield>
    <subfield code="l">12</subfield>
    <subfield code="m">3</subfield>
    <subfield code="o">LC3965 S35 2011</subfield>
    <subfield code="p">17 001786</subfield>
    <subfield code="r">2024-10-17</subfield>
    <subfield code="s">2019-06-18</subfield>
    <subfield code="t">1</subfield>
    <subfield code="w">2014-08-25</subfield>
    <subfield code="y">LB</subfield>
  </datafield>
  <datafield tag="952" ind1=" " ind2=" ">
    <subfield code="0">0</subfield>
    <subfield code="1">0</subfield>
    <subfield code="4">0</subfield>
    <subfield code="7">0</subfield>
    <subfield code="a">23</subfield>
    <subfield code="b">23</subfield>
    <subfield code="d">2017-06-16</subfield>
    <subfield code="l">0</subfield>
    <subfield code="o">LC3965  S35 2011</subfield>
    <subfield code="p">23 001055</subfield>
    <subfield code="r">2018-10-17</subfield>
    <subfield code="t">1</subfield>
    <subfield code="w">2017-06-16</subfield>
    <subfield code="y">LB</subfield>
  </datafield>
  <datafield tag="952" ind1=" " ind2=" ">
    <subfield code="0">0</subfield>
    <subfield code="1">0</subfield>
    <subfield code="2">lcc</subfield>
    <subfield code="4">0</subfield>
    <subfield code="7">0</subfield>
    <subfield code="a">08</subfield>
    <subfield code="b">08</subfield>
    <subfield code="d">2017-04-03</subfield>
    <subfield code="l">10</subfield>
    <subfield code="m">5</subfield>
    <subfield code="o">LC3965  S35 2011</subfield>
    <subfield code="p">08 006248</subfield>
    <subfield code="r">2019-04-27</subfield>
    <subfield code="s">2019-04-02</subfield>
    <subfield code="t">1</subfield>
    <subfield code="w">2017-08-19</subfield>
    <subfield code="y">LB</subfield>
  </datafield>
  <datafield tag="999" ind1=" " ind2=" ">
    <subfield code="c">93715</subfield>
    <subfield code="d">93715</subfield>
  </datafield>
  <controlfield tag="005">20231102151716.0</controlfield>
  <controlfield tag="008">140825s2011    sp a|||| |||| 00| 0 spa d</controlfield>
  <datafield tag="020" ind1=" " ind2=" ">
    <subfield code="a">9788483163856</subfield>
  </datafield>
  <datafield tag="050" ind1="1" ind2="4">
    <subfield code="a">LC3965 </subfield>
    <subfield code="b">S35 2011</subfield>
  </datafield>
  <datafield tag="100" ind1="1" ind2=" ">
    <subfield code="a">S&#xE1;nchez Manzano, Esteban</subfield>
    <subfield code="e">autor</subfield>
  </datafield>
  <datafield tag="245" ind1="1" ind2="0">
    <subfield code="a">Principios de educaci&#xF3;n especial</subfield>
    <subfield code="c"> / Esteban S&#xE1;nchez Manzano</subfield>
  </datafield>
  <datafield tag="250" ind1=" " ind2=" ">
    <subfield code="a">2a edici&#xF3;n</subfield>
  </datafield>
  <datafield tag="260" ind1="3" ind2=" ">
    <subfield code="a">Madrid [Espa&#xF1;a]</subfield>
    <subfield code="b">: Editorial CCS</subfield>
    <subfield code="c">, 2011</subfield>
  </datafield>
  <datafield tag="300" ind1=" " ind2=" ">
    <subfield code="a">484 p&#xE1;ginas</subfield>
    <subfield code="b">: ilustraciones, cuadros</subfield>
  </datafield>
  <datafield tag="490" ind1=" " ind2="0">
    <subfield code="a">Colecci&#xF3;n Campus</subfield>
    <subfield code="v">19</subfield>
  </datafield>
  <datafield tag="500" ind1=" " ind2=" ">
    <subfield code="a">Incluye: Bibliograf&#xED;a en cada cap&#xED;tulo 
Anexo: Tests psicopedag&#xF3;gicos y cl&#xED;nicos</subfield>
  </datafield>
  <datafield tag="505" ind1="1" ind2=" ">
    <subfield code="a">Fundamentos psicol&#xF3;gicos y pedag&#xF3;gicos de la educaci&#xF3;n especial
Intervenci&#xF3;n psicol&#xF3;gico y pedag&#xF3;gica para los alumnos excepcionales
</subfield>
  </datafield>
  <datafield tag="519" ind1=" " ind2=" ">
    <subfield code="a">Educaci&#xF3;n Mixta /</subfield>
    <subfield code="b">Psicolog&#xED;a / </subfield>
    <subfield code="c">Educaci&#xF3;n Especial I (P14-1) / </subfield>
    <subfield code="d">(17 001786)</subfield>
  </datafield>
  <datafield tag="519" ind1=" " ind2=" ">
    <subfield code="a">Educaci&#xF3;n Mixta /</subfield>
    <subfield code="b">Pedagogia / </subfield>
    <subfield code="c">Psicofisiolog&#xED;a del Aprendizaje (B10-2) /</subfield>
    <subfield code="d">(23 001055)</subfield>
  </datafield>
  <datafield tag="519" ind1=" " ind2=" ">
    <subfield code="a">Educaci&#xF3;n Mixta /</subfield>
    <subfield code="b">Pedagogia / </subfield>
    <subfield code="c">Sistema de Educaci&#xF3;n Especial I (P06-3) /</subfield>
    <subfield code="d">(08 006248)</subfield>
  </datafield>
  <datafield tag="650" ind1="1" ind2="4">
    <subfield code="a">EDUCACI&#xD3;N ESPECIAL</subfield>
  </datafield>
  <datafield tag="942" ind1=" " ind2=" ">
    <subfield code="c">LB</subfield>
  </datafield>
</record>
